Das juristische Büro: Zeitschrift für Kostenrecht und Zwangsvollstreckung

Guardado en:  
Detalles Bibliográficos
Tipo de documento: Print Revista
Lenguaje:Alemán
Publicado: Köln Luchterhand, eine Marke von Wolters Kluwer Deutschland 1956-
Flensburg Gross -1990
Neuwied Luchterhand 1991-2006
En:Año: 1956
Verificar disponibilidad: HBZ Gateway
Servicio de pedido Subito: Pedir ahora.
Volúmenes / Artículos:Mostrar volumes / artículos.
Palabras clave:

MARC

LEADER 00000cas a2200000 c 4500
001 13013242X
003 DE-627
005 20260207121827.0
007 tu
008 931116c19569999gw m| p| 0 |0ger c
015 |a 94,A23,0743  |2 dnb 
016 7 |a 012677264  |2 DE-101 
016 7 |a 510069-0  |2 DE-600 
022 |a 0931-6000 
035 |a (DE-627)13013242X 
035 |a (DE-603)047706384 
035 |a (DE-576)015668797 
035 |a (DE-599)ZDB510069-0 
035 |a (OCoLC)225329921 
040 |a DE-627  |b ger  |c DE-627  |e rakwb 
041 |a ger 
044 |c XA-DE 
082 0 4 |a 340  |q DE-101 
082 0 4 |a 340  |q DE-600 
084 |a PA 1000  |2 rvk  |0 (DE-625)rvk/134985: 
084 |a 86.00  |2 bkl 
222 0 |a Das juristische Büro 
245 0 4 |a Das juristische Büro  |b Zeitschrift für Kostenrecht und Zwangsvollstreckung 
246 1 |i Nebent.  |a JurBüro 
246 3 3 |a Formularbuch für die freiwillige Gerichtsbarkeit 
247 1 0 |a Fachzeitschrift für die Angestellten der Rechtsanwälte, Notare und verwandten Berufe ; Fachorgan der Deutschen Vereinigung der Rechtsanwalts- und Notariatsangestellten  |f Zusätze anfangs 
264 3 1 |a Köln  |b Luchterhand, eine Marke von Wolters Kluwer Deutschland  |c 1956- 
264 2 1 |a Flensburg  |b Gross  |c -1990 
264 2 1 |a Neuwied  |b Luchterhand  |c 1991-2006 
336 |a Text  |b txt  |2 rdacontent 
337 |a ohne Hilfsmittel zu benutzen  |b n  |2 rdamedia 
338 |a Band  |b nc  |2 rdacarrier 
362 0 |a 7.1956 - 
363 0 1 |a 7  |i 1956 
365 |b EUR 17.50 (Einzelh.), EUR 189.00 (jährl.) 
500 |a Ungezählte Beil.: Formularbuch für die freiwillige Gerichtsbarkeit 
583 1 |a Archivierung/Langzeitarchivierung gewährleistet  |c 2020  |f PENW  |2 pdager  |5 DE-5 
583 1 |a Archivierung/Langzeitarchivierung gewährleistet  |f PERP  |2 pdager  |5 DE-929 
655 7 |a Zeitschrift  |0 (DE-588)4067488-5  |0 (DE-627)10454466X  |0 (DE-576)20917000X  |2 gnd-content 
689 0 0 |d g  |0 (DE-588)4011882-4  |0 (DE-627)104704861  |0 (DE-576)208896155  |a Deutschland  |2 gnd 
689 0 1 |d s  |0 (DE-588)4048755-6  |0 (DE-627)106189654  |0 (DE-576)209079134  |a Rechtsanwalt  |2 gnd 
689 0 |5 DE-101 
776 1 |x 2366-1941 
889 |w (DE-576)480524882 
936 r v |a PA 1000  |b Allgemeine juristische Zeitschriften  |k Rechtswissenschaft  |k Allgemeine juristische Zeitschriften  |0 (DE-627)1275293212  |0 (DE-625)rvk/134985:  |0 (DE-576)205293212 
936 b k |a 86.00  |j Recht: Allgemeines  |0 (DE-627)106416456 
936 s n |a p100  |2 mzub 
951 |a JT 
ELC |b 1 
LOK |0 000 xxxxxcy a22 3n 4500 
LOK |0 001 2468863542 
LOK |0 003 DE-627 
LOK |0 004 13013242X 
LOK |0 005 20050507000000 
LOK |0 008 880930||||||||||||||||ger||||||| 
LOK |0 035   |a (DE-600)011786965 
LOK |0 040   |a DE-21-24  |c DE-627  |d DE-21-24 
LOK |0 852   |8 1 
LOK |0 852   |a DE-21-24 
LOK |0 852 1  |c A,III,67  |9 00 
LOK |0 85900  |8 1.1  |a 7  |i 1956 
LOK |0 85910  |8 1.2  |a 55  |i 2004 
LOK |0 86630  |a 7.1956 - 55.2004 
LOK |0 939   |a 30-09-88  |b z01 
LOK |0 000 xxxxxcx a22 zn 4500 
LOK |0 001 2468863550 
LOK |0 003 DE-627 
LOK |0 004 13013242X 
LOK |0 005 20140423085042 
LOK |0 008 030304||||||||||||||||ger||||||| 
LOK |0 040   |a DE-21-24  |c DE-627  |d DE-21-24 
LOK |0 689   |a s  |a Rechtsanwalt (Zeitschrift) 
LOK |0 689   |a s  |a Notar (Zeitschrift) 
LOK |0 689   |a s  |a Kostenwesen (Zeitschrift) 
LOK |0 689   |a s  |a Zwangsvollstreckungsrecht (Zeitschrift) 
LOK |0 852   |a DE-21-24 
LOK |0 852 1  |c A,III,67  |m p  |9 00 
LOK |0 866   |a 7.1956 - 55.2004 [Abbestellt] 
LOK |0 866   |x 7.1956 - 51.2000 
LOK |0 935   |a ALEH 
LOK |0 936ln  |a A,III, 
LOK |0 938   |k p 
LOK |0 939   |a 04-03-03  |b l01 
LOK |0 000 xxxxxcx a22 zn 4500 
LOK |0 001 2794144502 
LOK |0 003 DE-627 
LOK |0 004 13013242X 
LOK |0 005 20140423085042 
LOK |0 008 140423||||||||||||||||ger||||||| 
LOK |0 040   |a DE-21-110  |c DE-627  |d DE-21-110 
LOK |0 852   |z Kein Bestand am IfK; Nachweis für KrimDok 
LOK |0 852   |a DE-21-110 
LOK |0 852 1  |m v  |9 00 
LOK |0 935   |a k110 
LOK |0 938   |k v 
LOK |0 939   |a 23-04-14  |b l01 
ORI |a WA-MARC-krimdokb001.raw 
SPR |a 1  |t KRI 
TIM |a 100019901003_100020261231  |b 1990-10-03 - 2026